00366nam a2200133Ia 4500008004000000020001500040082001300055100003200068245005700100250000500157260003800162300001200200650002000212210210b1984 xxu||||| |||| 00| 0 eng d a0471805130 a581 ROSB aROST (Thomas L) and others. aBotany: a brief introduction to plant biology. Ed 2. a aN YorkbJohn Wiley and Sonsc1984 axi,I-20 aPlant Biology